Harry Potter & The Cursed Child Characters Quiz Stats

 Plays Quiz Updated Aug 14, 2017

Challenge
Share
Tweet
Embed
Score 0/32 Timer 06:00
4 Plays Today
Lines Character % Correct
373Harry Potter
98.7%
93Ron Weasley
95.7%
23Albus Dumbledore
95%
154Hermione Granger
94.2%
464Albus Severus Potter
90.8%
122Ginny Potter
81.6%
109Draco Malfoy
81.1%
6James Sirius Potter
80%
1James Potter
80%
11Lily Luna Potter
78%
3Lily Potter
78%
376Scorpius Malfoy
76.6%
48Severus Snape
75.5%
35Rose Granger-Weasley
70.4%
6Voldemort
70.3%
51Professor McGonagall
69.1%
Lines Character % Correct
126Delphi
54.9%
34Amos Diggory
53.9%
7Cedric Diggory
52.8%
10Rubeus Hagrid
44.5%
18Dolores Umbridge
38%
13Petunia Dursley
24.6%
2Dudley Dursley
23.3%
4Vernon Dursley
22.8%
14Ludo Bagman
21.5%
13Polly Chapman
19.9%
11Craig Bowker, Jr.
18.3%
18Moaning Myrtle
17.9%
12Bane
15.9%
3Madam Hooch
14.8%
6Yann Fredericks
12.7%
5Karl Jenkins
10.9%

You're not logged in!

Compare scores with friends on all Sporcle quizzes.
Join for Free
OR
Log In

You Might Also Like...

Show Comments

Extras

Top Quizzes Today


Score Distribution

Your Account Isn't Verified!

In order to create a playlist on Sporcle, you need to verify the email address you used during registration. Go to your Sporcle Settings to finish the process.

Report this User

Report this user for behavior that violates our Community Guidelines.

Details: